| 000 | 00000nam##2200000za#4500 |
| 001 | 9.588022 |
| 003 | CaOODSP |
| 005 | 20210624194922 |
| 007 | cr ||||||||||| |
| 008 | 150406|2007||||xxc|||||o f|0| 0 fre|d |
| 022 | |a1701-1280 |
| 040 | |aCaOODSP|bfre |
| 041 | |aeng |
| 041 | |afre |
| 043 | |an-cn--- |
| 086 | 1 |aFs70-4/2006-041-PDF |
| 110 | 1 |aCanada. |bMinistère des pêches et des océans. |
| 245 | 10|aCompte rendu de l'évaluation du potentiel de rétablissement des baleines boréales de l'est de l'Arctique (Balaena mysticetus) : |h[ressource électronique]|ble 7 avril 2006 : vidéoconférence / |c[par] Patrice Simon. |
| 260 | |aOttawa - Ontario : |bPêches et Océans Canada |cJuillet 2007. |
| 300 | |a45p.|bgraphiques, références, tableaux |
| 490 | 1 |aSecrétariat canadien de consultation scientifique, série des comptes rendus|x1701-1280|v2006/041 |
| 590 | |a11-31-Supp|b2011-12-13 |
| 720 | 1 |aSimon, Patrice |
| 791 | |tProceedings of the recovery potential assessment meeting for eastern Arctic bowhead whales (Balaena mysticetus) : |eeng|w(CaOODSP)9.588021 |
| 830 | #0|aCompte rendu (Secrétariat canadien de consultation scientifique)|x1701-1280|v2006/041|w(CaOODSP)9.500508 |
| 856 | 40|ahttp://publications.gc.ca|qPDF|s291 Ko|uhttps://publications.gc.ca/collections/collection_2011/mpo-dfo/Fs70-4-2006-041.pdf|y2006/041 |